[Event "M.Chigorin Memorial 2014"]
[Site "St. Petersburg"]
[Date "2014.10.19"]
[Round "2.122"]
[White "Dilmukhametov, Artur"]
[Black "Glazov, Anatoly"]
[Result "1-0"]
[WhiteElo "2157"]
[BlackElo "1887"]
[PlyCount "61"]
[EventDate "2014.10.18"]
[EventType "swiss"]
[EventCountry "RUS"]

1. e4 c5 2. Nf3 e6 3. c3 d5 4. e5 d4 5. cxd4 cxd4 6. Bb5+ Nc6 7. Bxc6+ bxc6 8.
Qa4 Qb6 9. Nxd4 Ba6 10. Nc3 Rc8 11. Nde2 Bb4 12. b3 Ne7 13. Ba3 Bxa3 14. Qxa3
Rd8 15. d4 Rd7 16. O-O-O Bb5 17. Qc5 Qa6 18. Nf4 Qb7 19. Ne4 O-O 20. Qc2 Qb6
21. Nh5 Nd5 22. Qd2 f5 23. exf6 Nxf6 24. Nexf6+ gxf6 25. Rhe1 e5 26. Qh6 Rdf7
27. dxe5 fxe5 28. Re3 Rg7 29. Rd7 Rxd7 30. Rg3+ Kf7 31. Rg7+ 1-0

[Event "M.Chigorin Memorial 2014"]
[Site "St. Petersburg"]
[Date "2014.10.19"]
[Round "2.123"]
[White "Makarevich, Julia"]
[Black "Pogosian, Vladimir"]
[Result "0-1"]
[WhiteElo "1934"]
[BlackElo "2156"]
[PlyCount "92"]
[EventDate "2014.10.18"]
[EventType "swiss"]
[EventCountry "RUS"]

1. d4 d6 2. c4 g6 3. Nc3 Bg7 4. e4 Nd7 5. Nf3 c6 6. Be2 e5 7. O-O Qb6 8. dxe5
dxe5 9. b3 Qc7 10. Qc2 Nc5 11. Rd1 Ne6 12. Be3 Nf6 13. h3 O-O 14. c5 Nd7 15.
Na4 b5 16. cxb6 axb6 17. Rac1 b5 18. Nc5 Ndxc5 19. Bxc5 Nxc5 20. Qxc5 Rxa2 21.
Bxb5 Bb7 22. Ba4 Re8 23. Rc3 Bf8 24. Qe3 Bb4 25. Rcd3 Bc8 26. Rc1 Re6 27. Ng5
Rf6 28. Nf3 Kg7 29. Nd2 Ba6 30. Rdc3 Bxc3 31. Rxc3 Qd6 32. Nf3 Be2 33. Rxc6
Qd1+ 34. Kh2 Rxc6 35. Bxc6 Bxf3 36. Qxf3 Qxf3 37. gxf3 Rxf2+ 38. Kg3 Rb2 39.
Bd5 f5 40. exf5 gxf5 41. Bc4 Kf6 42. Bd5 Rd2 43. Bg8 f4+ 44. Kh4 e4 45. fxe4
Re2 46. Bd5 Ke5 0-1

[Event "M.Chigorin Memorial 2014"]
[Site "St. Petersburg"]
[Date "2014.10.19"]
[Round "2.124"]
[White "Yakimov, S.Y."]
[Black "Babanin, Gleb"]
[Result "1-0"]
[WhiteElo "2155"]
[BlackElo "1883"]
[PlyCount "153"]
[EventDate "2014.10.18"]
[EventType "swiss"]
[EventCountry "RUS"]

1. d4 Nf6 2. Nf3 c5 3. d5 b5 4. Bg5 Qa5+ 5. c3 d6 6. Bxf6 gxf6 7. e4 Nd7 8.
Nbd2 Ne5 9. a4 Nxf3+ 10. gxf3 bxa4 11. Rxa4 Qc7 12. Bb5+ Bd7 13. Qe2 Rb8 14.
Bxd7+ Qxd7 15. Ra2 Bg7 16. Rg1 O-O 17. Rg3 Kh8 18. Qa6 Rb7 19. Nc4 Rfb8 20. Qc6
Qxc6 21. dxc6 Rc7 22. Ra6 f5 23. Kd2 fxe4 24. fxe4 e6 25. Rd3 Bf8 26. Kc2 Rd8
27. Na5 Rdc8 28. c4 Kg7 29. Rb3 Be7 30. Rb7 Kf6 31. Raxa7 Bd8 32. f4 e5 33.
fxe5+ dxe5 34. Nb3 Kg5 35. Rxc7 Bxc7 36. Rb7 Bd6 37. Rxf7 Kg6 38. Rf5 Rxc6 39.
Nc1 Rc8 40. Nd3 Re8 41. Kc3 Kg7 42. Kb3 Rb8+ 43. Ka4 Kg8 44. Ka3 Ra8+ 45. Kb3
Rb8+ 46. Kc3 Rb7 47. h3 Rg7 48. Rf3 h5 49. Kb3 Rb7+ 50. Ka4 Kg7 51. Rf5 Kg6 52.
Ka3 Ra7+ 53. Kb3 Rb7+ 54. Kc2 Ra7 55. Kd2 Rb7 56. Kd1 Re7 57. Kc2 Re8 58. Kc3
Re7 59. b3 Re8 60. Ne1 Re6 61. Kd3 Be7 62. Ke2 Bg5 63. Nd3 Bf6 64. Nxc5 Rd6 65.
Nd3 Rb6 66. b4 Kf7 67. c5 Rb5 68. Rxh5 Ke6 69. Rh7 Be7 70. h4 Rb8 71. h5 Rg8
72. Rh6+ Bf6 73. c6 Ke7 74. b5 Rg2+ 75. Kd1 Rg1+ 76. Kc2 Rg2+ 77. Kc3 1-0

[Event "M.Chigorin Memorial 2014"]
[Site "St. Petersburg"]
[Date "2014.10.19"]
[Round "2.125"]
[White "Ivanov, Artem"]
[Black "Leite, Catarina"]
[Result "1-0"]
[WhiteElo "1913"]
[BlackElo "2154"]
[PlyCount "65"]
[EventDate "2014.10.18"]
[EventType "swiss"]
[EventCountry "RUS"]

1. e4 c5 2. Nf3 d6 3. d4 cxd4 4. Nxd4 Nf6 5. Nc3 a6 6. Be3 e5 7. Nb3 Be6 8. f3
Be7 9. Qd2 O-O 10. O-O-O a5 11. Kb1 a4 12. Nc1 a3 13. b3 Ra5 14. g4 Nc6 15. g5
Nh5 16. N1e2 Nb4 17. Ng3 Nf4 18. Nce2 Nxe2 19. Bxe2 Nc6 20. Nf5 d5 21. Nxe7+
Nxe7 22. b4 Ra8 23. exd5 Qxd5 24. Qxd5 Nxd5 25. Bd2 Nb6 26. Rhe1 Rfd8 27. Bd3
Na4 28. Rxe5 Nb2 29. Rc1 Nxd3 30. cxd3 Rxd3 31. Be3 Rad8 32. Bb6 R8d6 33. Rc8+
1-0

[Event "M.Chigorin Memorial 2014"]
[Site "St. Petersburg"]
[Date "2014.10.19"]
[Round "2.126"]
[White "Kuzmin, Egor"]
[Black "Nordstrom, Hakon N"]
[Result "1-0"]
[WhiteElo "2154"]
[BlackElo "1847"]
[PlyCount "73"]
[EventDate "2014.10.18"]
[EventType "swiss"]
[EventCountry "RUS"]

1. c4 e6 2. Nf3 d5 3. d4 f5 4. Nc3 Nf6 5. g3 c6 6. Bg2 Bd6 7. O-O O-O 8. Rb1
Nbd7 9. b4 Ne4 10. Qc2 Nxc3 11. Qxc3 Nf6 12. b5 Ne4 13. Qc2 Bd7 14. c5 Bc7 15.
bxc6 bxc6 16. Bf4 Bxf4 17. gxf4 Qc7 18. Ne5 Rab8 19. Bxe4 fxe4 20. e3 Rfc8 21.
Qa4 Be8 22. Qa6 Kf8 23. Kh1 Rxb1 24. Rxb1 Rb8 25. Rb3 Rxb3 26. axb3 Qb8 27. Kg2
Qc7 28. b4 Ke7 29. b5 cxb5 30. c6 b4 31. f5 exf5 32. Qb7 Kd6 33. Qxb4+ Ke6 34.
Qc5 a5 35. Qf8 Qe7 36. c7 Qxf8 37. c8=Q+ 1-0

[Event "M.Chigorin Memorial 2014"]
[Site "St. Petersburg"]
[Date "2014.10.19"]
[Round "2.127"]
[White "Nasibullin, Iskander"]
[Black "Puzko, Danilla"]
[Result "1-0"]
[WhiteElo "1907"]
[BlackElo "2154"]
[PlyCount "61"]
[EventDate "2014.10.18"]
[EventType "swiss"]
[EventCountry "RUS"]

1. e4 e6 2. d4 d5 3. Nd2 Nf6 4. e5 Nfd7 5. c4 dxc4 6. Nxc4 Nb6 7. Nf3 Nd5 8.
Bd3 Be7 9. O-O b6 10. Bd2 O-O 11. Qe2 Bb7 12. Rac1 Nd7 13. Qe4 g6 14. Qg4 Qb8
15. Bh6 Re8 16. Ng5 Bf8 17. Bxf8 Nxf8 18. Ne4 Kg7 19. Nf6 a5 20. Be4 Ne7 21.
Bb1 Qa7 22. Ne3 Rac8 23. Rfd1 Qb8 24. Qg5 Ng8 25. Neg4 Nd7 26. Rc3 h6 27. Nh5+
Kf8 28. Nxh6 Ne7 29. Nf4 c5 30. Nxf7 Kxf7 31. Bxg6+ 1-0

[Event "M.Chigorin Memorial 2014"]
[Site "St. Petersburg"]
[Date "2014.10.19"]
[Round "2.128"]
[White "Kalinin, Nikita"]
[Black "Hyoetylae, Tapio"]
[Result "1-0"]
[WhiteElo "2152"]
[BlackElo "1840"]
[PlyCount "73"]
[EventDate "2014.10.18"]
[EventType "swiss"]
[EventCountry "RUS"]

1. e4 g6 2. d4 Bg7 3. Nc3 a6 4. Be3 d6 5. Qd2 b5 6. O-O-O b4 7. Nd5 a5 8. f3
Nd7 9. g4 c6 10. Nf4 Qb6 11. e5 Nf8 12. h4 a4 13. Kb1 Qa5 14. exd6 exd6 15. Nd3
b3 16. cxb3 axb3 17. Qxa5 Rxa5 18. a3 Ne7 19. Nb4 Be6 20. Ne2 Nd7 21. Bf4 Nb6
22. Bxd6 Nbd5 23. Nc1 Ne3 24. Rd3 Nxf1 25. Rxf1 Rb5 26. Re1 Nd5 27. Nxd5 Rxd5
28. Be5 O-O 29. Bxg7 Kxg7 30. Nxb3 Rb8 31. Nc5 Rbd8 32. Nxe6+ fxe6 33. Rc3 R8d6
34. Rec1 Rxd4 35. Rxc6 Kf6 36. Rxd6 Rxd6 37. Rc3 1-0

[Event "M.Chigorin Memorial 2014"]
[Site "St. Petersburg"]
[Date "2014.10.19"]
[Round "2.129"]
[White "Nuritdinov, Nizomiddin"]
[Black "Mrykhin, Igor"]
[Result "0-1"]
[WhiteElo "1898"]
[BlackElo "2151"]
[PlyCount "74"]
[EventDate "2014.10.18"]
[EventType "swiss"]
[EventCountry "RUS"]

1. d4 Nf6 2. Nf3 c6 3. c4 d5 4. e3 a6 5. Nc3 b5 6. b3 Bg4 7. Be2 e6 8. O-O Nbd7
9. h3 Bh5 10. Bb2 Be7 11. Ne5 Bxe2 12. Nxe2 Rc8 13. Rc1 O-O 14. Nf4 Nxe5 15.
dxe5 Ne4 16. Qg4 Kh8 17. f3 Nc5 18. Rfd1 bxc4 19. Rxc4 Qa5 20. Rc2 Qxa2 21.
Rdc1 Nxb3 22. Bc3 Nxc1 23. Rxa2 Nxa2 24. Ba5 c5 25. Nh5 Rg8 26. Qa4 Nb4 27. f4
Nc6 28. Bc3 a5 29. g4 c4 30. f5 Bb4 31. Bd4 exf5 32. gxf5 c3 33. Qc2 f6 34. e6
Nxd4 35. exd4 Rc4 36. Nf4 Rxd4 37. Nd3 Rc8 0-1

[Event "M.Chigorin Memorial 2014"]
[Site "St. Petersburg"]
[Date "2014.10.19"]
[Round "2.131"]
[White "Zakharov, Nikita"]
[Black "Ivanov, Sergei V"]
[Result "0-1"]
[WhiteElo "1891"]
[BlackElo "2146"]
[PlyCount "34"]
[EventDate "2014.10.18"]
[EventType "swiss"]
[EventCountry "RUS"]

1. d4 Nf6 2. Bf4 g6 3. Nc3 d5 4. Qd2 Ne4 5. Nxe4 dxe4 6. Be5 f6 7. Bf4 g5 8.
Bxg5 fxg5 9. Qxg5 Qd6 10. Qh5+ Qg6 11. Qe5 Bg7 12. Qxc7 O-O 13. e3 e5 14. O-O-O
exd4 15. exd4 Nc6 16. f3 Bh6+ 17. Kb1 Bf4 0-1

[Event "M.Chigorin Memorial 2014"]
[Site "St. Petersburg"]
[Date "2014.10.19"]
[Round "2.132"]
[White "Zherebtsova, Alexandra"]
[Black "Levin, Evgeny"]
[Result "1-0"]
[WhiteElo "2142"]
[BlackElo "1835"]
[PlyCount "91"]
[EventDate "2014.10.18"]
[EventType "swiss"]
[EventCountry "RUS"]

1. f4 d5 2. Nf3 g6 3. g3 Bg7 4. Bg2 Nf6 5. O-O O-O 6. d3 c5 7. Qe1 d4 8. c3 Nc6
9. Na3 Nd5 10. Bd2 e5 11. fxe5 Nxe5 12. Nxe5 Bxe5 13. Nc4 Bg7 14. Rd1 Be6 15.
e4 dxe3 16. Nxe3 Qd7 17. Qf2 Rac8 18. Bc1 b6 19. Nc4 Rcd8 20. Bg5 f6 21. Bc1
Bg4 22. Rde1 Rfe8 23. Nd2 Bh3 24. Ne4 Bxg2 25. Qxg2 Rf8 26. Qc2 Rde8 27. Qb3
Kh8 28. a4 Re6 29. a5 Rfe8 30. Bd2 h6 31. axb6 axb6 32. Nf2 Kh7 33. Rxe6 Rxe6
34. Re1 f5 35. Qd1 Qe7 36. Rxe6 Qxe6 37. Qf3 Bf8 38. Kg2 Bd6 39. c4 Ne7 40. Bc3
Bc7 41. b4 Qc6 42. Ne4 g5 43. b5 Qe6 44. Nf6+ Kh8 45. Qh5 Ng8 46. Qe8 1-0

[Event "M.Chigorin Memorial 2014"]
[Site "St. Petersburg"]
[Date "2014.10.19"]
[Round "2.133"]
[White "Kiselev, Viktor"]
[Black "Pyatin, Alexander"]
[Result "0-1"]
[WhiteElo "1876"]
[BlackElo "2142"]
[PlyCount "54"]
[EventDate "2014.10.18"]
[EventType "swiss"]
[EventCountry "RUS"]

1. e4 Nf6 2. Nc3 d5 3. e5 Ne4 4. Nxe4 dxe4 5. d4 exd3 6. Bxd3 c5 7. Nf3 Nc6 8.
c3 Bg4 9. Bf4 e6 10. O-O Be7 11. Qe2 Qc7 12. Rfe1 Rd8 13. Rad1 a6 14. Qe4 Bf5
15. Qe3 Bxd3 16. Rxd3 Rxd3 17. Qxd3 h6 18. Qe4 O-O 19. g4 Qd8 20. Kg2 Qd5 21.
Qb1 Rd8 22. b3 b5 23. Re2 Qd3 24. Qb2 g5 25. Be3 Qe4 26. Kg3 f5 27. Bxg5 Qxg4#
0-1

[Event "M.Chigorin Memorial 2014"]
[Site "St. Petersburg"]
[Date "2014.10.19"]
[Round "2.134"]
[White "Lagashin, Pavel"]
[Black "Bezulenko, Evgeny"]
[Result "1-0"]
[WhiteElo "2138"]
[BlackElo "1827"]
[PlyCount "87"]
[EventDate "2014.10.18"]
[EventType "swiss"]
[EventCountry "RUS"]

1. d4 Nf6 2. c4 e6 3. g3 d5 4. Bg2 c6 5. Nd2 Qa5 6. Ngf3 dxc4 7. O-O b5 8. e4
Nbd7 9. e5 Nd5 10. Ne4 Qc7 11. a3 h6 12. Bd2 Bb7 13. b3 cxb3 14. Qxb3 a5 15.
Rfc1 a4 16. Qb2 Rc8 17. Ne1 Be7 18. Nd3 O-O 19. Nb4 Qb6 20. Rab1 Rfd8 21. Nd3
Qa7 22. Rc2 N7b6 23. Ndc5 Ba8 24. Bf1 Nd7 25. Qc1 Nxc5 26. Nxc5 Bf8 27. Qe1 Nb6
28. Qe4 Rd5 29. Bd3 g6 30. Bb4 Re8 31. h4 Nd7 32. h5 Nxc5 33. Bxc5 Bxc5 34.
Rxc5 Rxc5 35. dxc5 Qxc5 36. hxg6 Qf8 37. gxf7+ Qxf7 38. Qg4+ Kh8 39. Be4 Rf8
40. f4 Rg8 41. Qh4 Kg7 42. Rd1 c5 43. Rd7 Bxe4 44. Qf6+ 1-0

[Event "M.Chigorin Memorial 2014"]
[Site "St. Petersburg"]
[Date "2014.10.19"]
[Round "2.135"]
[White "Tskhadadze, Anna"]
[Black "Nikitinyh, Boris"]
[Result "1-0"]
[WhiteElo "1860"]
[BlackElo "2138"]
[PlyCount "87"]
[EventDate "2014.10.18"]
[EventType "swiss"]
[EventCountry "RUS"]

1. c4 Nf6 2. g3 g6 3. Bg2 Bg7 4. Nc3 O-O 5. d3 d6 6. e3 Nc6 7. Nge2 e5 8. O-O
Be6 9. h3 Qd7 10. Kh2 Rad8 11. e4 Ne7 12. Be3 a6 13. f4 b5 14. b3 c6 15. a3 Ne8
16. Rc1 f5 17. cxb5 axb5 18. d4 fxe4 19. dxe5 Nf5 20. Bg1 d5 21. Nd4 Nxd4 22.
Bxd4 Rf7 23. Ne2 Bf8 24. b4 Ra8 25. Rc3 Ng7 26. Qc1 Ra6 27. Bg1 Nf5 28. Nd4
Nxd4 29. Bxd4 Qe8 30. Rf2 Bd7 31. Rfc2 Qe6 32. Qd1 Be7 33. Qd2 Rf8 34. Qc1 h6
35. Be3 Kh7 36. Re2 Rg8 37. Rf2 Raa8 38. Bd4 Raf8 39. Qf1 Rg7 40. h4 Rfg8 41.
Bh3 Qxh3+ 42. Qxh3 Bxh3 43. Kxh3 Rc8 44. Rfc2 1-0

[Event "M.Chigorin Memorial 2014"]
[Site "St. Petersburg"]
[Date "2014.10.19"]
[Round "2.136"]
[White "Rudenko, Eugeny"]
[Black "Zilbershtein, Victor"]
[Result "1-0"]
[WhiteElo "2138"]
[BlackElo "1818"]
[PlyCount "99"]
[EventDate "2014.10.18"]
[EventType "swiss"]
[EventCountry "RUS"]

1. e4 b6 2. d4 Bb7 3. Bd3 e6 4. Nf3 c5 5. c3 Nf6 6. Qe2 Be7 7. O-O O-O 8. e5
Ne8 9. Nbd2 f5 10. exf6 Nxf6 11. Ne4 Nxe4 12. Bxe4 Nc6 13. d5 exd5 14. Bxd5+
Kh8 15. Ne5 Qe8 16. Re1 Nd4 17. cxd4 Bxd5 18. Qg4 Be6 19. Qe4 cxd4 20. Nd3 Bf6
21. Bf4 Qh5 22. Be5 Bf5 23. Qxd4 Bxd3 24. Bxf6 Rxf6 25. Qxd3 Qf7 26. Re2 Rf8
27. f3 Qg6 28. Qxg6 Rxg6 29. Rd1 d6 30. Re7 h6 31. Rxa7 Rxf3 32. Rb7 Re3 33.
Kf2 Rge6 34. Rd2 d5 35. Rxb6 Re2+ 36. Rxe2 Rxb6 37. Ke3 Rb4 38. Kd3 Kh7 39. b3
Rg4 40. a4 Kg6 41. a5 Rb4 42. Kc3 Rb5 43. b4 Kf5 44. a6 Rb8 45. a7 Ra8 46. g4+
Kf6 47. Ra2 Ke6 48. Kd4 Kf6 49. Ra6+ Ke7 50. Rg6 1-0

[Event "M.Chigorin Memorial 2014"]
[Site "St. Petersburg"]
[Date "2014.10.19"]
[Round "2.137"]
[White "Rygg, Snorre"]
[Black "Naumenko, Oleg"]
[Result "0-1"]
[WhiteElo "1849"]
[BlackElo "2133"]
[PlyCount "58"]
[EventDate "2014.10.18"]
[EventType "swiss"]
[EventCountry "RUS"]

1. c4 e5 2. Nc3 Nc6 3. Nf3 f5 4. d3 Nf6 5. g3 Bc5 6. Na4 Be7 7. Bg2 O-O 8. a3
a5 9. O-O d6 10. Bd2 Qe8 11. Nc3 Qh5 12. Nd5 Bd8 13. Nxf6+ Bxf6 14. Rb1 g5 15.
Bc3 f4 16. Nd2 Bh3 17. Bd5+ Kh8 18. Re1 Bg7 19. b4 axb4 20. axb4 Rae8 21. b5
Nd8 22. Rb2 Rf6 23. e3 Bg4 24. f3 fxg3 25. hxg3 Rh6 26. Nf1 Qh1+ 27. Kf2 Rh2+
28. Nxh2 Qxh2+ 29. Kf1 Bh3+ 0-1

[Event "M.Chigorin Memorial 2014"]
[Site "St. Petersburg"]
[Date "2014.10.19"]
[Round "2.138"]
[White "Orel, Daniil"]
[Black "Galaktionov, Artem"]
[Result "0-1"]
[WhiteElo "1841"]
[BlackElo "2131"]
[PlyCount "90"]
[EventDate "2014.10.18"]
[EventType "swiss"]
[EventCountry "RUS"]

1. d4 d5 2. Bf4 Nf6 3. e3 e6 4. Nf3 c5 5. c3 Be7 6. Nbd2 Nc6 7. Bd3 Nh5 8. Be5
f6 9. Bg3 f5 10. Ne5 Nxg3 11. Nxc6 bxc6 12. hxg3 Rb8 13. dxc5 Bxc5 14. b4 Be7
15. g4 Bf6 16. Rc1 g6 17. Nb3 Qc7 18. gxf5 exf5 19. Qf3 Qe7 20. O-O O-O 21. Nc5
Kh8 22. a3 a5 23. Qe2 axb4 24. cxb4 Re8 25. Rfe1 Qa7 26. Ba6 Bxa6 27. Qxa6 Qxa6
28. Nxa6 Rb6 29. b5 cxb5 30. Nc7 Rd8 31. Rb1 b4 32. axb4 Be5 33. Rec1 Rd7 34.
Na8 Rb8 35. f4 Bd6 36. Ra1 Bxb4 37. Rc7 Rdd8 38. Rb1 Bd2 39. Rbb7 Rxb7 40. Rxb7
Bxe3+ 41. Kh2 Rxa8 42. g3 Rd8 43. Kh3 Bd4 44. g4 fxg4+ 45. Kxg4 Bg7 0-1

[Event "M.Chigorin Memorial 2014"]
[Site "St. Petersburg"]
[Date "2014.10.19"]
[Round "2.139"]
[White "Semenenko, Sergey"]
[Black "Shapianov, Adam"]
[Result "1-0"]
[WhiteElo "2130"]
[BlackElo "1807"]
[PlyCount "113"]
[EventDate "2014.10.18"]
[EventType "swiss"]
[EventCountry "RUS"]

1. d4 Nf6 2. c4 e6 3. Nc3 Bb4 4. e3 O-O 5. Nge2 d5 6. a3 Bd6 7. c5 Be7 8. b4 c6
9. Ng3 Nbd7 10. Bb2 b6 11. Be2 Re8 12. O-O Bf8 13. f4 g6 14. Qc2 Bg7 15. e4 Nh5
16. e5 Nxg3 17. hxg3 f5 18. b5 Bb7 19. bxc6 Bxc6 20. Nb5 Bxb5 21. Bxb5 bxc5 22.
dxc5 Rb8 23. Ba4 Bf8 24. Bd4 Qc7 25. Rfc1 Rec8 26. Bxd7 Qxd7 27. c6 Qc7 28. Qa4
a5 29. Rc2 Ra8 30. Rb1 Rcb8 31. Rbc1 Ra6 32. Kh2 h6 33. Rb2 Raa8 34. Rcb1 Rxb2
35. Rxb2 Rc8 36. Rb6 Qe7 37. Qxa5 Qxa3 38. Qxa3 Bxa3 39. Kg1 Kf8 40. Kf2 Be7
41. Ke2 g5 42. Ra6 Ke8 43. Kd3 Bb4 44. Bc3 Bc5 45. Ba5 g4 46. Kc3 Bf2 47. Kd3
Bc5 48. Kc2 Be7 49. Kb3 Bd8 50. Ka4 Bxa5 51. Kxa5 Kd8 52. Kb6 Rb8+ 53. Kc5 d4
54. Kd6 Rc8 55. Ra4 d3 56. Rd4 Ra8 57. Rxd3 1-0

[Event "M.Chigorin Memorial 2014"]
[Site "St. Petersburg"]
[Date "2014.10.19"]
[Round "2.140"]
[White "Kokhnover, Ilya"]
[Black "Ivanov, Rostislav"]
[Result "0-1"]
[WhiteElo "1840"]
[BlackElo "2129"]
[PlyCount "62"]
[EventDate "2014.10.18"]
[EventType "swiss"]
[EventCountry "RUS"]

1. e4 c5 2. Nf3 d6 3. Bb5+ Bd7 4. Bxd7+ Nxd7 5. c4 e5 6. Nc3 Ngf6 7. O-O Be7 8.
d3 O-O 9. h3 a6 10. Be3 Rb8 11. a4 Ne8 12. Nh2 Nc7 13. b3 Ne6 14. Qd2 f5 15.
exf5 Rxf5 16. Ng4 Rf7 17. Rae1 Ndf8 18. Nd5 Ng6 19. b4 b6 20. b5 a5 21. Re2 h5
22. Nh2 Ngf4 23. Bxf4 Nxf4 24. Nxf4 Rxf4 25. Re4 Rf5 26. Qe2 Bf6 27. f4 d5 28.
cxd5 Qxd5 29. Qf3 Rd8 30. Rd1 exf4 31. Re8+ Rxe8 0-1

[Event "M.Chigorin Memorial 2014"]
[Site "St. Petersburg"]
[Date "2014.10.19"]
[Round "2.141"]
[White "Korchagina, Viktoria"]
[Black "Shemenko, Georgy"]
[Result "1-0"]
[WhiteElo "2124"]
[BlackElo "1803"]
[PlyCount "55"]
[EventDate "2014.10.18"]
[EventType "swiss"]
[EventCountry "RUS"]

1. e4 e6 2. d4 d5 3. Nc3 Nf6 4. Bg5 Bb4 5. exd5 exd5 6. Bd3 O-O 7. Nge2 h6 8.
Bh4 Bg4 9. f3 Be6 10. a3 Bd6 11. Qd2 c6 12. O-O-O Nbd7 13. g4 Qc7 14. g5 Nh5
15. Bg3 f5 16. gxh6 g6 17. Rhg1 Kh7 18. Bxd6 Qxd6 19. Rg5 Rg8 20. Rdg1 a5 21.
Nd1 b5 22. Ne3 Ndf6 23. h3 Nf4 24. Nxf4 Qxf4 25. Kb1 Qxf3 26. Ng2 Nh5 27. Re1
Rae8 28. Re3 1-0

[Event "M.Chigorin Memorial 2014"]
[Site "St. Petersburg"]
[Date "2014.10.19"]
[Round "2.142"]
[White "Shapar, Tatiana"]
[Black "Pimenov, Valeri"]
[Result "0-1"]
[WhiteElo "1836"]
[BlackElo "2118"]
[PlyCount "130"]
[EventDate "2014.10.18"]
[EventType "swiss"]
[EventCountry "RUS"]

1. e4 e5 2. Nf3 Nc6 3. Bb5 a6 4. Ba4 d6 5. c3 Nf6 6. Qe2 Be7 7. h3 O-O 8. d4 b5
9. Bb3 Rb8 10. Nbd2 h6 11. Nf1 Re8 12. dxe5 dxe5 13. g4 Qd6 14. Ng3 Na5 15. Bc2
c5 16. Nf5 Bxf5 17. gxf5 c4 18. O-O Bf8 19. Kh1 Nb7 20. Rg1 Kh7 21. b4 Qc6 22.
Nh2 Nd6 23. f3 Ra8 24. Qg2 Re7 25. Be3 a5 26. Bc5 axb4 27. Bxb4 Nh5 28. Qg4 Nf6
29. Qg3 Nh5 30. Qh4 Nf4 31. Ng4 Nxf5 32. exf5 Qxf3+ 33. Kh2 Rd7 34. f6+ e4 35.
Nf2 Rd2 36. Bxe4+ Qxe4 37. Bxf8 Kg8 38. Bxg7 Qe5 39. Bxh6+ Ng6+ 40. Qg3 Rxf2+
41. Rg2 Rxg2+ 42. Kxg2 Qxf6 43. Bg5 Qf5 44. Qe3 f6 45. Bh6 Nh4+ 46. Kg3 Qh5 47.
Qe6+ Kh7 48. Qe4+ Nf5+ 49. Kf4 Qxh6+ 50. Kxf5 Rg8 51. Qe7+ Rg7 52. Qxf6 Qxh3+
53. Ke4 Rg4+ 54. Ke5 Qxc3+ 55. Ke6 Qe3+ 56. Kd5 Rg5+ 57. Kc6 Rg6 58. Rh1+ Qh6
59. Rxh6+ Kxh6 60. Kxb5 Rxf6 61. Kxc4 Rf5 62. a4 Kg6 63. Kb4 Kf6 64. a5 Ke6 65.
a6 Kd6 0-1

[Event "M.Chigorin Memorial 2014"]
[Site "St. Petersburg"]
[Date "2014.10.19"]
[Round "2.143"]
[White "Dobrovlyanskiy, Dmitriy"]
[Black "Khatenever, Feliks"]
[Result "1-0"]
[WhiteElo "2117"]
[BlackElo "1795"]
[PlyCount "61"]
[EventDate "2014.10.18"]
[EventType "swiss"]
[EventCountry "RUS"]

1. d4 Nf6 2. Nf3 g6 3. g3 Bg7 4. Bg2 d6 5. O-O c6 6. c4 O-O 7. Nc3 Qc7 8. e4
Bg4 9. h3 Bxf3 10. Qxf3 a5 11. Be3 Nbd7 12. Qe2 a4 13. Rad1 Rfd8 14. f4 e5 15.
fxe5 dxe5 16. d5 cxd5 17. Nxd5 Nxd5 18. cxd5 f6 19. h4 Rac8 20. Rc1 Qa5 21. Bh3
Rxc1 22. Rxc1 f5 23. exf5 Qxd5 24. fxg6 hxg6 25. Rd1 Qe4 26. Qd3 Qxd3 27. Rxd3
e4 28. Rxd7 Rb8 29. Be6+ Kh8 30. Bd4 Bxd4+ 31. Rxd4 1-0

[Event "M.Chigorin Memorial 2014"]
[Site "St. Petersburg"]
[Date "2014.10.19"]
[Round "2.144"]
[White "Zakharov, Yuri"]
[Black "Petukhov, Vasily N"]
[Result "1/2-1/2"]
[WhiteElo "1830"]
[BlackElo "2113"]
[PlyCount "96"]
[EventDate "2014.10.18"]
[EventType "swiss"]
[EventCountry "RUS"]

1. Nf3 Nf6 2. g3 c5 3. Bg2 e6 4. O-O d5 5. d3 Nc6 6. Nbd2 g6 7. e4 Bg7 8. c3
O-O 9. Qc2 Qc7 10. Re1 b6 11. Nf1 Bb7 12. Bd2 Rac8 13. Rad1 Rfd8 14. Qb1 Ba6
15. Bg5 dxe4 16. dxe4 h6 17. Bf4 Qe7 18. Ne5 Nxe5 19. Bxe5 c4 20. Ne3 Qc5 21.
Bd4 Qc7 22. f4 Nd7 23. e5 Nc5 24. Ng4 Nd3 25. Re3 Rxd4 26. cxd4 Qd8 27. Re4 Bb7
28. Rxd3 Bxe4 29. Bxe4 cxd3 30. Qxd3 h5 31. Ne3 Qc7 32. d5 Qc1+ 33. Nd1 exd5
34. Qxd5 Qc5+ 35. Qxc5 Rxc5 36. Kf2 Bf8 37. Nc3 Rc4 38. Kf3 Kg7 39. Bd3 Rb4 40.
b3 Rd4 41. Ke2 Bb4 42. Ne4 Rd8 43. a4 Kf8 44. Nf6 Bc5 45. Bc4 Bg1 46. h4 Bc5
47. Ne4 Ke7 48. Nf6 Bd4 1/2-1/2

[Event "M.Chigorin Memorial 2014"]
[Site "St. Petersburg"]
[Date "2014.10.19"]
[Round "2.145"]
[White "Dyakonova, Ekaterina"]
[Black "Ivanov, Igor"]
[Result "1-0"]
[WhiteElo "2112"]
[BlackElo "1782"]
[PlyCount "67"]
[EventDate "2014.10.18"]
[EventType "swiss"]
[EventCountry "RUS"]

1. e4 c6 2. Nc3 d5 3. Nf3 Bg4 4. h3 Bxf3 5. Qxf3 Nf6 6. Be2 dxe4 7. Nxe4 Nxe4
8. Qxe4 e6 9. d4 Be7 10. O-O Bf6 11. Bd1 O-O 12. Bf4 Nd7 13. c4 Re8 14. Qc2 Qe7
15. Be3 a6 16. Bf3 Bg5 17. Rfe1 Bxe3 18. Rxe3 Qd6 19. Rd1 Qc7 20. Rc3 Rad8 21.
b4 Qb6 22. a3 Nf6 23. Rcd3 e5 24. dxe5 Rxd3 25. Rxd3 Rxe5 26. Qd2 Re8 27. a4
Qc7 28. g3 h6 29. Kg2 a5 30. b5 cxb5 31. cxb5 b6 32. Rc3 Qe5 33. Rc6 Rb8 34.
Rxb6 1-0

[Event "M.Chigorin Memorial 2014"]
[Site "St. Petersburg"]
[Date "2014.10.19"]
[Round "2.146"]
[White "Gogin, Artem"]
[Black "Latyev, Yury"]
[Result "0-1"]
[WhiteElo "1815"]
[BlackElo "2108"]
[PlyCount "58"]
[EventDate "2014.10.18"]
[EventType "swiss"]
[EventCountry "RUS"]

1. d4 Nf6 2. Bg5 d5 3. Nd2 g6 4. Bxf6 exf6 5. e3 c6 6. g3 Bd6 7. Bg2 h5 8. Ne2
h4 9. c4 Be6 10. Qb3 Qd7 11. cxd5 cxd5 12. Bxd5 hxg3 13. Ne4 gxf2+ 14. Kxf2 Be7
15. Bxe6 fxe6 16. Nf4 Kf7 17. d5 exd5 18. Rad1 Kg7 19. Rxd5 Qc6 20. h4 f5 21.
Rxf5 gxf5 22. Rg1+ Kf8 23. Ng6+ Ke8 24. Ne5 Bxh4+ 25. Ng3 Bxg3+ 26. Kxg3 Qd6
27. Qf7+ Kd8 28. Qg7 Re8 29. Qg5+ Kc7 0-1

[Event "M.Chigorin Memorial 2014"]
[Site "St. Petersburg"]
[Date "2014.10.19"]
[Round "2.147"]
[White "Okun, Evgeny"]
[Black "Aksenova, Maria"]
[Result "1-0"]
[WhiteElo "2108"]
[BlackElo "1777"]
[PlyCount "165"]
[EventDate "2014.10.18"]
[EventType "swiss"]
[EventCountry "RUS"]

1. g3 d5 2. Bg2 Nf6 3. d3 e5 4. c4 Nc6 5. cxd5 Nxd5 6. Nc3 Nb6 7. Nf3 Be7 8. a3
O-O 9. O-O Re8 10. Be3 Bf8 11. Rc1 Bg4 12. Na4 Nd4 13. Bxd4 exd4 14. Nc5 Bxc5
15. Rxc5 c6 16. Qd2 Qd6 17. Rc2 Nd7 18. Qg5 Bxf3 19. Bxf3 a5 20. Qd2 h6 21. b4
Ne5 22. Bg2 axb4 23. axb4 Ra4 24. Rb1 Rea8 25. h3 Ra1 26. Rcb2 R8a2 27. Rxa1
Rxa1+ 28. Kh2 b6 29. Be4 Qe6 30. Rc2 Qb3 31. Rb2 Rd1 32. Qc2 Qxc2 33. Rxc2 Rb1
34. f4 Ng6 35. Rc4 Rb2 36. Bf3 Ne7 37. Rxd4 Nd5 38. Bxd5 cxd5 39. Rxd5 Rxe2+
40. Kg1 Rb2 41. Rb5 Rb3 42. Rxb6 Rxd3 43. Kf2 Kf8 44. Rb7 Ke8 45. b5 Rb3 46. b6
g6 47. g4 Kd8 48. g5 hxg5 49. fxg5 Kc8 50. Rc7+ Kb8 51. Rxf7 Rxb6 52. Rf6 Rb2+
53. Kg3 Rb3+ 54. Kg4 Rb4+ 55. Rf4 Rb1 56. Rc4 Rg1+ 57. Kf4 Rf1+ 58. Kg3 Rg1+
59. Kh4 Kb7 60. Rf4 Rb1 61. Rf6 Rb4+ 62. Kg3 Rb3+ 63. Kf4 Rb4+ 64. Kg3 Rb3+ 65.
Rf3 Rb5 66. h4 Rb4 67. Rf6 Rb3+ 68. Kf4 Rb4+ 69. Ke5 Rxh4 70. Rd6 Rg4 71. Kf6
Kc7 72. Rd2 Rg1 73. Kxg6 Kc6 74. Kf6 Rf1+ 75. Kg7 Rg1 76. g6 Kc7 77. Kf7 Rf1+
78. Kg8 Rg1 79. g7 Kc8 80. Rd5 Kc7 81. Kh7 Rh1+ 82. Kg6 Rg1+ 83. Rg5 1-0